The Cambridge companion to Descartes = El compañero de Cambridge de Descartes /
Na minha lista:
| Autor principal: | |
|---|---|
| Formato: | Desconhecido |
| Idioma: | English |
| Publicado em: |
Cambridge ; New York :
Cambridge University Press,
1992.
|
| Assuntos: | |
| Tags: |
Adicionar Tag
Sem tags, seja o primeiro a adicionar uma tag!
|
MARC
| LEADER | 000000000a22000000004500 | ||
|---|---|---|---|
| 001 | 014206 | ||
| 020 | |a 0521366968 | ||
| 041 | 0 | |a eng | |
| 082 | 0 | 4 | |a 194.20 |b C848c |
| 100 | 1 | |a Cottingham, John, |d 1943- | |
| 245 | 1 | 4 | |a The Cambridge companion to Descartes = |b El compañero de Cambridge de Descartes / |c John Cottingham. |
| 246 | 3 | 1 | |a El compañero de Cambridge de Descartes |
| 260 | 1 | |a Cambridge ; New York : |b Cambridge University Press, |c 1992. | |
| 300 | |a 441 páginas ; |c 24 cm. | ||
| 650 | 4 | |a DESCARTES, RENE, 1596-1650 | |
| 500 | |a Colección George Yúdice | ||
| 999 | |c 20101 |d 20101 | ||
| 942 | |c BK |h 194.20 C848c |2 z | ||



